00281nam a22000977a 4500008004100000100002000041245004400061250001400105260003900119650002500158200317b ||||| |||| 00| 0 eng d aMitra, Barun K. aPersonality Development and Soft Skills a6thb2019 aNew DelhibOxford University Press aCommunication Skills